Электромагнитные поля и волны: учебное пособие

Detaylı Bibliyografya
Yazar: Богачков И. В.
Müşterek Yazar: Омский государственный технический университет
Özet:Приведена программа изучения дисциплины «Электромагнитные поля и волны», разбитая на 21 тему. Каждая тема содержит указания к изучению, основные сведения, контрольные вопросы и задания по теме, список рекомендуемой литературы. Даны контрольные задания и задачи, рекомендации по их решению и оформлению. Предназначено для студентов, обучающихся по направлению подготовки дипломированных специалистов 654400 - Телекоммуникации (специальности 210402 «Проектирование и эксплуатация средств обеспечения информационной безопасности в системах связи с подвижным объектом», 201200 — «Средства связи с подвижными объектами», 201800) заочной формы обучения, а также может использоваться в учебном процессе других радиотехнических и связных специальностей (210302 (200700)) при изучении дисциплины «Электродинамика и распространение радиоволн», 200800 - «Техническая электродинамика» и т. п.) всех форм обучения.
Dil:Rusça
Baskı/Yayın Bilgisi: Омск, Изд-во ОмГТУ, 2005
Konular:
Materyal Türü: MixedMaterials Kitap
KOHA link:https://koha.lib.tpu.ru/cgi-bin/koha/opac-detail.pl?biblionumber=105323

MARC

LEADER 00000nam0a2200000 4500
001 105323
005 20231031114358.0
010 |a 5814902744 
035 |a (RuTPU)RU\TPU\book\113624 
090 |a 105323 
100 |a 20061115d2005 m y0rusy50 ca 
101 0 |a rus 
102 |a RU 
105 |a a j 001zy 
200 1 |a Электромагнитные поля и волны  |e учебное пособие  |f И. В. Богачков  |g Омский государственный технический университет 
210 |a Омск  |c Изд-во ОмГТУ  |d 2005 
215 |a 128 с.  |c ил. 
320 |a Библиогр.: с. 125-127. 
330 |a Приведена программа изучения дисциплины «Электромагнитные поля и волны», разбитая на 21 тему. Каждая тема содержит указания к изучению, основные сведения, контрольные вопросы и задания по теме, список рекомендуемой литературы. Даны контрольные задания и задачи, рекомендации по их решению и оформлению. Предназначено для студентов, обучающихся по направлению подготовки дипломированных специалистов 654400 - Телекоммуникации (специальности 210402 «Проектирование и эксплуатация средств обеспечения информационной безопасности в системах связи с подвижным объектом», 201200 — «Средства связи с подвижными объектами», 201800) заочной формы обучения, а также может использоваться в учебном процессе других радиотехнических и связных специальностей (210302 (200700)) при изучении дисциплины «Электродинамика и распространение радиоволн», 200800 - «Техническая электродинамика» и т. п.) всех форм обучения. 
610 1 |a физика 
610 1 |a электромагнетизм 
610 1 |a электромагнитные волны 
610 1 |a электромагнитные поля 
610 1 |a уравнения 
610 1 |a волновые уравнения 
610 1 |a реальные среды 
610 1 |a поляризация 
610 1 |a уравнения Максвелла 
610 1 |a распространение 
610 1 |a волноводы 
610 1 |a объемные резонаторы 
610 1 |a учебные пособия 
675 |a 537.86  |v 3 
675 |a 537.811(075.8)  |v 3 
700 1 |a Богачков  |b И. В. 
712 0 2 |a Омский государственный технический университет  |2 stltpush  |3 (RuTPU)RU\TPU\col\394 
801 1 |a RU  |b 63413507  |c 20061115  |g PSBO 
801 2 |a RU  |b 63413507  |c 20151027  |g PSBO 
942 |c BK 
959 |a 90/20061025  |d 1  |e 110,50  |f ЧЗТЛ:1